书目信息 |
| 题名: |
明代教育论著选
|
|
| 作者: | 高时良 主编 | |
| 分册: | ||
| 出版信息: | 北京 人民教育出版社 1990 |
|
| 页数: | 697页 | |
| 开本: | 20cm | |
| 丛书名: | 中国古代教育论著丛书 | |
| 单 册: | ||
| 中图分类: | G409 | |
| 科图分类: | ||
| 主题词: | 教育学-古籍--中国--明代 , 古籍-教育学--中国--明代 , 教育学 | |
| 电子资源: | ||
| ISBN: | 7-107-10401-2 | |
| 000 | 00723oam2 2200253 450 | |
| 001 | 1238694993 | |
| 005 | 20121004104532.60 | |
| 010 | @a7-107-10401-2@dCNY10.70 | |
| 100 | @a19910925d1990 ekmy0chiy0110 ea | |
| 101 | 0 | @achi |
| 102 | @aCN@b110000 | |
| 105 | @ay z 000yy | |
| 200 | 1 | @a明代教育论著选@Aming dai jiao yu lun zhu xuan@f高时良主编 |
| 210 | @a北京@c人民教育出版社@d1990 | |
| 215 | @a697页@d20cm | |
| 225 | 2 | @a中国古代教育论著丛书 |
| 461 | 0 | @12001 @a中国古代教育论著丛书 |
| 606 | 0 | @a教育学-古籍@y中国@z明代 |
| 606 | 0 | @a古籍-教育学@y中国@z明代 |
| 606 | 0 | @a教育学 |
| 690 | @aG409@v4 | |
| 701 | 0 | @a高时良@Agao shi liang@f(1912~)@4主编 |
| 801 | 0 | @aCN@bNLC@c20101222 |
| 905 | @a10447@dG409@eJY27 | |
| 明代教育论著选/高时良主编.-北京:人民教育出版社,1990 |
| 697页;20cm.-(中国古代教育论著丛书) |
| ISBN 7-107-10401-2:CNY10.70 |
| ● |
| 相关链接 |
|
|
|
|
正题名:明代教育论著选
索取号:G409/JY27
 
预约/预借
| 序号 | 登录号 | 条形码 | 馆藏地/架位号 | 状态 | 备注 |
| 1 | 7805122 | 278051224 | 学院路分馆/ [索取号:G409/JY27] | 在馆 |